Central Library OPAC University of Rajshahi

পিতা / (Record no. 65759)

MARC details
000 -LEADER
fixed length control field 01015nam a2200253 a 4500
001 - CONTROL NUMBER
control field 65759
003 - CONTROL NUMBER IDENTIFIER
rucl marc code BD-RjUL
005 - DATE AND TIME OF LATEST TRANSACTION
control field 20211209081448.0
008 - FIXED-LENGTH DATA ELEMENTS--GENERAL INFORMATION
fixed length control field 170312s1995 bg a|||| |||| 000 0 be d
020 ## - INTERNATIONAL STANDARD BOOK NUMBER
Terms of availability : Tk. 30.00
035 ## - SYSTEM CONTROL NUMBER
System control number (BD-RjUL)65889
040 ## - CATALOGING SOURCE
Original cataloging agency BD-RjUL
Language of cataloging ben
Transcribing agency BD-RjUL
Modifying agency BD-RjUL
041 ## - LANGUAGE CODE
Language code of text/sound track or separate title ben
082 ## - DEWEY DECIMAL CLASSIFICATION NUMBER
Edition number 23
Classification number 954.9205092
Author mark and year PIT 1995
245 10 - TITLE STATEMENT
Title পিতা /
Statement of responsibility, etc. সালাউদ্দিন বাদল
260 ## - PUBLICATION, DISTRIBUTION, ETC. (IMPRINT)
Place of publication, distribution, etc. ঢাকা :
Name of publisher, distributor, etc. আওয়ামী শিল্পী গোষ্ঠী,
Date of publication, distribution, etc. ১৯৯৫
300 ## - PHYSICAL DESCRIPTION
Pagination ৭৯ পৃ. :
Illustrations চিত্র. ;
Size ২১ সেমি.
600 ## - SUBJECT ADDED ENTRY--PERSONAL NAME
Personal name রহমান, শেখ মুজিবুর
Dates associated with a name ১৯২০-১৯৭৫
General subdivision জীবনী
Personal name Rahman, Sheikh Mujibur
Dates associated with a name 1920-1975
General subdivision Biography
651 ## - SUBJECT ADDED ENTRY--GEOGRAPHIC NAME
Geographic name বাংলাদেশ
General subdivision ইতিহাস
Chronological subdivision ১৯৭১
9 (RLIN) 193114
Geographic name Bangladesh
General subdivision History
Chronological subdivision 1971
9 (RLIN) 193115
700 1# - ADDED ENTRY--PERSONAL NAME
Personal name বাদল, সালাউদ্দিন
942 ## - ADDED ENTRY ELEMENTS (KOHA)
Source of classification or shelving scheme Dewey Decimal Classification
Koha item type Books
Holdings
Lost status Source of classification or shelving scheme Damaged status Not for loan Collection code Permanent Location Current Location Shelving location Date acquired Source of acquisition Cost, normal purchase price Total Checkouts Full call number Date last seen Copy number Koha item type
  Dewey Decimal Classification   Not For Loan Non-fiction Central Library, University of Rajshahi Central Library, University of Rajshahi Reading Room 12/01/1999 Agami prokashoni 50.00   B 954.9205092 PIT 1995 12/03/2017 C-1 Books